[Event "4MCR_4D_1L_4S"]
[Site "CR"]
[Date "2000.??.??"]
[Round "?"]
[White "Trcka, Vaclav"]
[Black "Leiner, Raimund"]
[Result "0-1"]
[WhiteElo "2065"]
[BlackElo "2245"]
[PlyCount "90"]
[EventDate "2000.??.??"]
[EventType "tourn (corr)"]

1. d4 Nf6 2. Nf3 d5 3. Bf4 e6 4. e3 c5 5. dxc5 Bxc5 6. Nbd2 Nc6 7. c3 O-O 8.
Bd3 Re8 9. Bg5 e5 10. Bc2 h6 11. Bxf6 Qxf6 12. Nb3 Qd6 13. Nfd2 Be6 14. Nxc5
Qxc5 15. O-O Qb6 16. Bb3 Rad8 17. Qf3 d4 18. Rfd1 dxe3 19. Qxe3 Qxe3 20. fxe3
Bg4 21. Nf3 Rxd1+ 22. Bxd1 Rd8 23. Kf2 Bxf3 24. Kxf3 Rd2 25. Rb1 e4+ 26. Kxe4
Rxg2 27. h3 Rh2 28. Bg4 Ne7 29. Rd1 g6 30. Kf4 Rxb2 31. a4 h5 32. Rd8+ Kg7 33.
Bd1 f6 34. a5 g5+ 35. Kf3 Nc6 36. Rd5 Kg6 37. a6 Ne5+ 38. Ke4 bxa6 39. Ra5 Rh2
40. Rxa6 Rxh3 41. Bc2 Rh2 42. Bd3 Rf2 43. Rxa7 h4 44. Ra8 h3 45. Rg8+ Kh7 0-1

[Event "4MCR_4D_1L_4S"]
[Site "CR"]
[Date "2000.??.??"]
[Round "?"]
[White "Trcka, Vaclav"]
[Black "Novak, Vratislav"]
[Result "0-1"]
[WhiteElo "2065"]
[BlackElo "2260"]
[PlyCount "80"]
[EventDate "2000.??.??"]
[EventType "tourn (corr)"]

1. d4 d5 2. Nf3 c6 3. e3 Nf6 4. c4 e6 5. Nc3 Nbd7 6. Bd3 dxc4 7. Bxc4 b5 8. Bd3
Bb7 9. O-O b4 10. Ne4 c5 11. Nxf6+ gxf6 12. e4 cxd4 13. Nxd4 a6 14. Qa4 Qb6 15.
Be3 Bc5 16. Rfd1 O-O 17. Qxd7 Rfd8 18. Qa4 Bxd4 19. Re1 Bxe3 20. Rxe3 Rd4 21.
Qc2 Rad8 22. Qe2 Qd6 23. Qg4+ Kf8 24. Bf1 Rd2 25. Qh4 Qe5 26. Rb1 h5 27. a3 Rd1
28. Re1 Rxb1 29. Rxb1 b3 30. f3 Rd2 31. h3 Rxb2 32. Rxb2 Qxb2 33. e5 Qxa3 34.
Qd4 Bd5 35. exf6 Qd6 36. Bd3 e5 37. Qa7 b2 38. f4 Kg8 39. Qe7 Qb6+ 40. Kh2 Qb8
0-1

[Event "4MCR_4D_1L_4S"]
[Site "CR"]
[Date "2000.??.??"]
[Round "?"]
[White "Trcka, Vaclav"]
[Black "Novotny, Josef"]
[Result "1/2-1/2"]
[WhiteElo "2065"]
[BlackElo "2165"]
[PlyCount "64"]
[EventDate "2000.??.??"]
[EventType "tourn (corr)"]

1. d4 Nf6 2. Nf3 e6 3. Bg5 c5 4. c3 Be7 5. Nbd2 cxd4 6. cxd4 d5 7. e3 Nc6 8.
Bd3 h6 9. Bh4 Qb6 10. Qb3 Qxb3 11. Nxb3 Nb4 12. Bb1 Bd7 13. Bxf6 Bxf6 14. a3
Nc6 15. O-O Ke7 16. Nc5 Rac8 17. Bd3 Rc7 18. Rac1 Rhc8 19. Rc3 Na5 20. Rfc1 b6
21. Nxd7 Rxc3 22. Rxc3 Rxc3 23. bxc3 Kxd7 24. Bb5+ Kd6 25. a4 e5 26. h3 Nb3 27.
Kf1 e4 28. Ng1 Bh4 29. g3 Bg5 30. Ke2 Na5 31. h4 Be7 32. f3 f5 1/2-1/2

[Event "4MCR_4D_1L_4S"]
[Site "CR"]
[Date "2000.??.??"]
[Round "?"]
[White "Trcka, Vaclav"]
[Black "Rybak, David"]
[Result "1-0"]
[WhiteElo "2065"]
[BlackElo "1600"]
[PlyCount "54"]
[EventDate "2000.??.??"]
[EventType "tourn (corr)"]

1. d4 d5 2. Nf3 e6 3. Bg5 Be7 4. Bxe7 Qxe7 5. Nbd2 Nf6 6. e3 O-O 7. Bd3 Nbd7 8.
O-O e5 9. dxe5 Nxe5 10. Nxe5 Qxe5 11. c3 c5 12. Re1 Bg4 13. Qa4 Rfe8 14. Bb5
Red8 15. h3 Bf5 16. Qh4 Qc7 17. Bf1 Re8 18. Rac1 a6 19. Red1 b5 20. Be2 Qa5 21.
a3 Rad8 22. Qf4 Bg6 23. Nf3 Re4 24. Qg3 Re6 25. Nd2 Rc8 26. Qf4 h6 27. Bf3 c4
1-0

[Event "4MCR_4D_1L_4S"]
[Site "CR"]
[Date "2000.??.??"]
[Round "?"]
[White "Trcka, Vaclav"]
[Black "Urbanek, Stepan"]
[Result "1-0"]
[WhiteElo "2065"]
[BlackElo "2340"]
[PlyCount "67"]
[EventDate "2000.??.??"]
[EventType "tourn (corr)"]

1. d4 e6 2. Nf3 f5 3. c4 Nf6 4. e3 b6 5. Bd3 Bb7 6. O-O Bd6 7. Nc3 O-O 8. a3 c5
9. d5 exd5 10. cxd5 Ba6 11. b3 Ng4 12. Bb2 Qe7 13. Bxa6 Nxa6 14. Nb5 Rae8 15.
Nxa7 Nc7 16. a4 f4 17. exf4 Bxf4 18. h3 Nxf2 19. Rxf2 Be3 20. d6 Bxf2+ 21. Kh1
Qd8 22. dxc7 Qxc7 23. Nb5 Qc6 24. Ne5 Qf6 25. Qd5+ Qe6 26. Nc7 Qxd5 27. Nxd5
Rf5 28. Nxb6 d6 29. Nd3 Re3 30. Rd1 Bg3 31. Kg1 h5 32. a5 Rf7 33. Bc3 Re2 34.
b4 1-0

[Event "4MCR_4D_1L_4S"]
[Site "CR"]
[Date "2000.??.??"]
[Round "?"]
[White "Urbanek, Stepan"]
[Black "Alexa, Jaroslav"]
[Result "1-0"]
[WhiteElo "2340"]
[BlackElo "2340"]
[PlyCount "73"]
[EventDate "2000.??.??"]
[EventType "tourn (corr)"]

1. d4 d5 2. c4 c6 3. Nf3 Nf6 4. Nc3 dxc4 5. a4 Bf5 6. Ne5 e6 7. f3 Bb4 8. e4
Bxe4 9. fxe4 Nxe4 10. Bd2 Qxd4 11. Nxe4 Qxe4+ 12. Qe2 Bxd2+ 13. Kxd2 Qd5+ 14.
Kc2 Na6 15. Nxc4 O-O-O 16. Qe3 Nc5 17. Be2 Qxg2 18. Rhg1 Qxh2 19. Rxg7 Rd3 20.
Rh1 Qxh1 21. Bxd3 Qd5 22. Rxf7 Nxd3 23. Qxd3 Rd8 24. Qxd5 exd5 25. Ne5 Re8 26.
Nd3 Re4 27. b3 h5 28. a5 Re2+ 29. Kc3 Ra2 30. Kb4 Rc2 31. Rh7 h4 32. Rxh4 Kc7
33. Rh7+ Kd6 34. Rxb7 c5+ 35. Nxc5 Rxc5 36. Rxa7 Rc8 37. Rh7 1-0

[Event "4MCR_4D_1L_4S"]
[Site "CR"]
[Date "2000.??.??"]
[Round "?"]
[White "Urbanek, Stepan"]
[Black "Cakl, Zdenek"]
[Result "1/2-1/2"]
[WhiteElo "2340"]
[BlackElo "2075"]
[PlyCount "94"]
[EventDate "2000.??.??"]
[EventType "tourn (corr)"]

1. d4 Nf6 2. c4 e6 3. Nc3 Bb4 4. Qc2 d5 5. cxd5 Qxd5 6. Nf3 Qf5 7. Qxf5 exf5 8.
a3 Bd6 9. Nb5 Be6 10. e3 Nc6 11. Bd3 Rc8 12. O-O Be7 13. Bd2 O-O 14. Rfc1 a6
15. Rxc6 bxc6 16. Na7 Ra8 17. Nxc6 Bd6 18. Ba5 Nd5 19. Rc1 f6 20. Nd2 Kf7 21.
g3 Rfc8 22. Kf1 g6 23. Ke2 Bd7 24. b4 h5 25. h4 Re8 26. Bb1 Nb6 27. Kd3 Be6 28.
Bc2 Bd5 29. Bb3 Ke6 30. Nc4 Bf8 31. a4 Nd7 32. Nd2 Bd6 33. Nc4 Be4+ 34. Kd2
Bxc6 35. Ne5+ Bd5 36. Bxd5+ Kxd5 37. Nxd7 Re7 38. Nc5 g5 39. Kd3 Ra7 40. Rh1
Bxc5 41. bxc5 g4 42. Rb1 Ra8 43. Rb7 Kc6 44. Rb3 Ree8 45. Kc4 Rad8 46. Rd3 Re4
47. Rb3 Rde8 1/2-1/2

[Event "4MCR_4D_1L_4S"]
[Site "CR"]
[Date "2000.??.??"]
[Round "?"]
[White "Urbanek, Stepan"]
[Black "Hladecek, Miloslav"]
[Result "0-1"]
[WhiteElo "2340"]
[BlackElo "2150"]
[PlyCount "66"]
[EventDate "2000.??.??"]
[EventType "tourn (corr)"]

1. d4 Nf6 2. c4 e6 3. Nc3 Bb4 4. Qc2 O-O 5. a3 Bxc3+ 6. Qxc3 b6 7. Bg5 Bb7 8.
f3 h6 9. Bh4 d5 10. e3 Nbd7 11. cxd5 Nxd5 12. Bxd8 Nxc3 13. Bh4 Nd5 14. Bf2 f5
15. Bb5 c6 16. Bd3 e5 17. Ne2 Rae8 18. O-O exd4 19. exd4 Nb8 20. Rfe1 Ba6 21.
Bxa6 Nxa6 22. Rac1 Rf6 23. Nc3 Rxe1+ 24. Rxe1 Nac7 25. Nxd5 Nxd5 26. Re8+ Kf7
27. Ra8 a5 28. g3 Re6 29. Kf1 g5 30. Rb8 g4 31. Kg2 Re2 32. fxg4 fxg4 33. b4
Ra2 0-1

[Event "4MCR_4D_1L_4S"]
[Site "CR"]
[Date "2000.??.??"]
[Round "?"]
[White "Urbanek, Stepan"]
[Black "Leiner, Raimund"]
[Result "0-1"]
[WhiteElo "2340"]
[BlackElo "2245"]
[PlyCount "58"]
[EventDate "2000.??.??"]
[EventType "tourn (corr)"]

1. d4 Nf6 2. c4 e6 3. Nc3 d5 4. cxd5 exd5 5. Bg5 Be7 6. e3 c6 7. Qc2 Nbd7 8.
Bd3 O-O 9. Nge2 Re8 10. O-O-O b5 11. Ng3 a5 12. Nf5 Bf8 13. Kb1 a4 14. Ne2 Qb6
15. Rc1 Bb7 16. Bxf6 Nxf6 17. h4 b4 18. Qd1 g6 19. Nfg3 c5 20. dxc5 Bxc5 21. h5
Ng4 22. Rf1 a3 23. b3 d4 24. Nxd4 Rxe3 25. hxg6 hxg6 26. fxe3 Nxe3 27. Qe2 Bxd4
28. Bc4 Rf8 29. Rfe1 Qf6 0-1

[Event "4MCR_4D_1L_4S"]
[Site "CR"]
[Date "2000.??.??"]
[Round "?"]
[White "Urbanek, Stepan"]
[Black "Novotny, Josef"]
[Result "1/2-1/2"]
[WhiteElo "2340"]
[BlackElo "2165"]
[PlyCount "76"]
[EventDate "2000.??.??"]
[EventType "tourn (corr)"]

1. d4 Nf6 2. c4 e6 3. Nc3 Bb4 4. Qc2 O-O 5. a3 Bxc3+ 6. Qxc3 b6 7. Bg5 Bb7 8.
f3 h6 9. Bh4 d5 10. e3 Nbd7 11. cxd5 Nxd5 12. Bxd8 Nxc3 13. Bh4 Nd5 14. Bf2 c5
15. Bb5 N5f6 16. Ne2 a6 17. Ba4 b5 18. Bc2 cxd4 19. Nxd4 Rac8 20. O-O-O g6 21.
e4 Rc7 22. Kb1 Rfc8 23. Rc1 Nh5 24. Be3 e5 25. Nb3 Kg7 26. Rhd1 Nf4 27. Rd2 Ne6
28. Bd1 Rxc1+ 29. Nxc1 Bc6 30. Nb3 Nb8 31. Na5 Ba8 32. Rd6 Rd8 33. Rxd8 Nxd8
34. Kc2 f5 35. exf5 gxf5 36. Kc3 Nd7 37. a4 Nf6 38. Kd2 Nd5 1/2-1/2

[Event "4MCR_4D_1L_4S"]
[Site "CR"]
[Date "2000.??.??"]
[Round "?"]
[White "Urbanek, Stepan"]
[Black "Pletanek, Danous"]
[Result "0-1"]
[WhiteElo "2340"]
[BlackElo "2295"]
[PlyCount "72"]
[EventDate "2000.??.??"]
[EventType "tourn (corr)"]

1. d4 Nf6 2. c4 g6 3. Nc3 Bg7 4. e4 d6 5. Nf3 O-O 6. Be2 e5 7. O-O Na6 8. Be3
Ng4 9. Bg5 Qe8 10. dxe5 dxe5 11. h3 h6 12. Bd2 Nf6 13. Be3 Qe7 14. Nd5 Qd8 15.
Nxf6+ Qxf6 16. c5 Nb8 17. b4 Nc6 18. b5 Rd8 19. Qc1 Nd4 20. Nxd4 exd4 21. Bxh6
d3 22. Bxg7 Kxg7 23. Bf3 a6 24. c6 b6 25. Qe3 axb5 26. e5 Qe7 27. Rfd1 Ra3 28.
Rd2 Be6 29. Be4 Bc4 30. Qg3 Rd4 31. Bf5 Qh4 32. Qxh4 Rxh4 33. Bg4 Rh8 34. f4
Rha8 35. Kf2 b4 36. Ke3 b5 0-1

[Event "4MCR_4D_1L_4S"]
[Site "CR"]
[Date "2000.??.??"]
[Round "?"]
[White "Urbanek, Stepan"]
[Black "Rachunek, Milan"]
[Result "1/2-1/2"]
[WhiteElo "2340"]
[BlackElo "2000"]
[PlyCount "70"]
[EventDate "2000.??.??"]
[EventType "tourn (corr)"]

1. d4 Nf6 2. c4 e6 3. Nc3 Bb4 4. Qc2 O-O 5. a3 Bxc3+ 6. Qxc3 b6 7. Bg5 Bb7 8.
f3 h6 9. Bh4 d5 10. e3 Nbd7 11. cxd5 Nxd5 12. Bxd8 Nxc3 13. Bh4 Nd5 14. Bf2 f5
15. Bb5 c6 16. Bd3 e5 17. Ne2 Rae8 18. O-O exd4 19. exd4 g6 20. Rfe1 Kf7 21.
Bc4 Re6 22. Nc3 N7f6 23. Re5 Rfe8 24. Rae1 Nd7 25. Rxe6 Rxe6 26. Nxd5 Rxe1+ 27.
Bxe1 cxd5 28. Bb5 Nf8 29. Bg3 Ne6 30. Be5 Nd8 31. Kf2 Nc6 32. Ke3 g5 33. b4 f4+
34. Kd3 a6 35. Ba4 b5 1/2-1/2

[Event "4MCR_4D_1L_4S"]
[Site "CR"]
[Date "2000.??.??"]
[Round "?"]
[White "Vrkoc, David"]
[Black "Hladik, Josef"]
[Result "1-0"]
[WhiteElo "2270"]
[BlackElo "2180"]
[PlyCount "97"]
[EventDate "2000.??.??"]
[EventType "tourn (corr)"]

1. c4 c6 2. e4 d5 3. cxd5 cxd5 4. exd5 Nf6 5. Qa4+ Bd7 6. Qb3 Na6 7. Nc3 Qb6 8.
Bc4 Qxb3 9. Bxb3 Nb4 10. Nf3 Nd3+ 11. Ke2 Nf4+ 12. Kf1 Nd3 13. Bc4 Nxc1 14.
Rxc1 Rc8 15. Ne5 g6 16. Ke2 a6 17. Nxd7 Nxd7 18. Ne4 Nb6 19. Bb3 Bg7 20. d6
Bxb2 21. Rb1 Bd4 22. Kd3 e5 23. f4 Nd7 24. Rhc1 O-O 25. Bd5 Rxc1 26. Rxc1 Bb6
27. Bxb7 f5 28. Ng5 exf4 29. Bd5+ Kh8 30. Rc7 Bxc7 31. dxc7 Rc8 32. Ne6 Kg8 33.
Nxf4+ Kf8 34. Ne6+ Ke7 35. Bb7 Rxc7 36. Nxc7 Nc5+ 37. Kc4 Nxb7 38. Nxa6 Kd6 39.
Kb5 Kd5 40. Kb6 Nd6 41. Nc7+ Kd4 42. Ne6+ Ke5 43. Nf8 f4 44. Nxh7 Nc4+ 45. Kc6
Nxd2 46. a4 Nb3 47. Ng5 Kf5 48. Nf3 g5 49. Kd5 1-0

[Event "4MCR_4D_1L_4S"]
[Site "CR"]
[Date "2000.??.??"]
[Round "?"]
[White "Vrkoc, David"]
[Black "Kunovjanek, Milan"]
[Result "1-0"]
[WhiteElo "2270"]
[BlackElo "2120"]
[PlyCount "97"]
[EventDate "2000.??.??"]
[EventType "tourn (corr)"]

1. e4 e5 2. Nf3 Nf6 3. Nxe5 d6 4. Nf3 Nxe4 5. d4 d5 6. Bd3 Nc6 7. O-O Bg4 8. c4
Be7 9. Nc3 Nxc3 10. bxc3 O-O 11. Re1 dxc4 12. Bxc4 Bd6 13. Be3 Qd7 14. Rb1 Na5
15. Bd3 Bf5 16. c4 b6 17. Bxf5 Qxf5 18. c5 Bf4 19. Bxf4 Qxf4 20. Qa4 Nb7 21.
Qa6 Na5 22. Re3 Qf5 23. Rbe1 Qd5 24. h3 Nc6 25. Qb7 h6 26. Re4 bxc5 27. Ne5 Nb4
28. Qxd5 Nxd5 29. dxc5 Nc3 30. Rc4 Nxa2 31. Ra1 Rfe8 32. f4 f6 33. Ng6 Re2 34.
Ra4 Kf7 35. f5 Nc3 36. Rxa7 Rxa7 37. Rxa7 Nd5 38. g3 Re8 39. Kf2 Kg8 40. Kf3
Re3+ 41. Kg4 Re8 42. Kh5 Rc8 43. Kh4 Re8 44. c6 Kf7 45. Nf4 Re4 46. Kh5 Rxf4
47. gxf4 Nxf4+ 48. Kg4 Nd5 49. Kf3 1-0

[Event "4MCR_4D_1L_4S"]
[Site "CR"]
[Date "2000.??.??"]
[Round "?"]
[White "Vrkoc, David"]
[Black "Kuta, Miroslav"]
[Result "1-0"]
[WhiteElo "2270"]
[BlackElo "2130"]
[PlyCount "83"]
[EventDate "2000.??.??"]
[EventType "tourn (corr)"]

1. e4 c6 2. d4 d5 3. Nc3 dxe4 4. Nxe4 Bf5 5. Ng3 Bg6 6. h4 h6 7. Nf3 Nd7 8. h5
Bh7 9. Bd3 Bxd3 10. Qxd3 Qc7 11. Bd2 e6 12. O-O-O Ngf6 13. Ne4 O-O-O 14. g3 Nc5
15. Nxc5 Bxc5 16. c4 Bb6 17. Bc3 Rhe8 18. Kb1 Re7 19. Qc2 a6 20. Ne5 Ba5 21. b4
Bb6 22. f4 Qb8 23. g4 Ne8 24. g5 Qa7 25. gxh6 gxh6 26. d5 cxd5 27. cxd5 exd5
28. Qf5+ Kb8 29. Nxf7 Rc8 30. Be5+ Bc7 31. Bd4 b6 32. Nxh6 Qb7 33. Ng8 Nd6 34.
Qg4 Ree8 35. Nf6 Red8 36. h6 Qc6 37. h7 Nf7 38. Qh5 Nh8 39. Ng8 Bxf4 40. Bxh8
Qc2+ 41. Ka1 d4 42. Qf3 1-0

[Event "4MCR_4D_1L_4S"]
[Site "CR"]
[Date "2000.??.??"]
[Round "?"]
[White "Vrkoc, David"]
[Black "Novak, Vratislav"]
[Result "1/2-1/2"]
[WhiteElo "2270"]
[BlackElo "2260"]
[PlyCount "61"]
[EventDate "2000.??.??"]
[EventType "tourn (corr)"]

1. e4 e5 2. Nf3 Nc6 3. Bb5 a6 4. Bxc6 dxc6 5. O-O Qd6 6. d4 exd4 7. Nxd4 Bd7 8.
Be3 O-O-O 9. Nd2 Nh6 10. f3 f5 11. c3 Qg6 12. Qc2 fxe4 13. Nxe4 Nf5 14. Bf2 Be7
15. Rad1 Nxd4 16. Bxd4 Bf5 17. Rfe1 Rhf8 18. Bf2 h5 19. Rxd8+ Rxd8 20. Qe2 Re8
21. Qe3 b6 22. a4 Bh3 23. Ng3 Bd7 24. Ne4 Bh3 25. g3 c5 26. a5 Bd7 27. Qd3 Bb5
28. c4 Rd8 29. Qe2 Bc6 30. Nc3 Bd6 31. Nd5 1/2-1/2

[Event "4MCR_4D_1L_4S"]
[Site "CR"]
[Date "2000.??.??"]
[Round "?"]
[White "Vrkoc, David"]
[Black "Rybak, David"]
[Result "1-0"]
[WhiteElo "2270"]
[BlackElo "1600"]
[PlyCount "60"]
[EventDate "2000.??.??"]
[EventType "tourn (corr)"]

1. c4 e6 2. g3 Nf6 3. Bg2 d5 4. d4 c5 5. cxd5 exd5 6. Nf3 Nc6 7. O-O Be7 8. Nc3
O-O 9. Bg5 cxd4 10. Nxd4 h6 11. Be3 Re8 12. Qc2 Bg4 13. Rfd1 Bf8 14. h3 Bh5 15.
Rac1 Bb4 16. Ndb5 Qa5 17. a3 Bxc3 18. Nxc3 Rad8 19. Qb3 d4 20. Bxc6 bxc6 21.
Bxd4 Nd5 22. Nxd5 Rxd5 23. g4 Bg6 24. Rxc6 Red8 25. Qc4 Kh7 26. Ra6 Rc5 27.
Rxa5 Rxc4 28. e3 Rc2 29. Rxa7 Rxb2 30. Rc1 Rd2 1-0

[Event "4MCR_4D_1L_4S"]
[Site "CR"]
[Date "2000.??.??"]
[Round "?"]
[White "Vrkoc, David"]
[Black "Trcka, Vaclav"]
[Result "1-0"]
[WhiteElo "2270"]
[BlackElo "2065"]
[PlyCount "85"]
[EventDate "2000.??.??"]
[EventType "tourn (corr)"]

1. e4 c5 2. Nf3 Nc6 3. d4 cxd4 4. Nxd4 Nf6 5. Nc3 e5 6. Ndb5 d6 7. Bg5 a6 8.
Na3 b5 9. Bxf6 gxf6 10. Nd5 f5 11. c4 Nd4 12. cxb5 Bg7 13. bxa6 O-O 14. exf5
Bxf5 15. Bc4 Qg5 16. Ne3 Be4 17. h4 Qf4 18. Nd5 Bxd5 19. Bxd5 Rxa6 20. Nc4 Rb8
21. g3 Qf5 22. O-O e4 23. Ne3 Qf3 24. Qxf3 Nxf3+ 25. Kg2 Rxb2 26. Rab1 Rab6 27.
Rxb2 Rxb2 28. Nc4 Rxa2 29. Nxd6 Ra7 30. Rc1 Ne5 31. Nxe4 Kf8 32. Nd6 Kg8 33.
Rc8+ Bf8 34. h5 Ng4 35. Kf3 Ne5+ 36. Kf4 Nd3+ 37. Ke3 Ne5 38. f3 Ra3+ 39. Kf4
Nd7 40. h6 Ra4+ 41. Ke3 Ne5 42. Rd8 Ra6 43. Nf5 1-0

[Event "4MCR_4D_1L_4S"]
[Site "CR"]
[Date "2000.??.??"]
[Round "?"]
[White "Vrkoc, David"]
[Black "Urbanek, Stepan"]
[Result "1-0"]
[WhiteElo "2270"]
[BlackElo "2340"]
[PlyCount "77"]
[EventDate "2000.??.??"]
[EventType "tourn (corr)"]

1. c4 Nf6 2. g3 c5 3. Bg2 d5 4. cxd5 Nxd5 5. Nc3 Nc7 6. Qb3 Nc6 7. Bxc6+ bxc6
8. Qa4 Bd7 9. Nf3 f6 10. d3 e5 11. O-O Ne6 12. Nd2 Be7 13. Nc4 O-O 14. f4 Nd4
15. Rf2 Bh3 16. Bd2 Qc7 17. Re1 Kh8 18. e3 exf4 19. exd4 fxg3 20. Rf3 gxh2+ 21.
Kh1 Bg4 22. Rf4 Bh5 23. dxc5 Bxc5 24. Qa5 Bd6 25. Rff1 Bg6 26. Ne4 Bg3 27. Qxc7
Bxc7 28. Bf4 Bxf4 29. Rxf4 Rad8 30. Re3 Rd4 31. Ne5 Rfd8 32. Nxg6+ hxg6 33.
Rff3 g5 34. Kxh2 Kh7 35. Kg2 Kg6 36. Nf2 R8d6 37. Re7 a5 38. Rfe3 f5 39. R3e6+
1-0